Chelsea Squad 2022/2023 - Statistics

General Stats
  • This quiz has been taken 5 times
  • The average score is 21 of 40
Answer Stats
Position Country Number Player % Correct
ST Gabon 9 Aubameyang
100%
CAM Germany 29 Havertz
100%
LW USA 10 Pulisic
100%
LB Spain 32 Cucurella
80%
CDM Argentina 5 Fernandez
80%
CM England 23 Gallagher
80%
RB England 24 James
80%
CDM Italy 5 Jorginho
80%
CDM France 7 Kanté
80%
GK Spain 1 Kepa
80%
CM Croatia 8 Kovacic
80%
CAM England 19 Mount
80%
LW Ukraine 15 Mudryk
80%
CB Brazil 6 Silva
80%
RW England 17 Sterling
80%
RW Morroco 22 Ziyech
80%
RB Spain 28 Azpilicueta
60%
CB France 4 Badiashile
60%
ST Albania 18 Broja
60%
LB England 21 Chilwell
60%
CF Portugal 11 Felix
60%
CB France 33 Fofana
60%
CDM Scotland 35 Gilmour
60%
GK Senegal 16 Mendy
60%
CDM Switzerland 20 Zakaria
60%
CB Wales 44 Ampadu
40%
CB England 14 Chalobah
40%
CB Senegal 26 Koulibaly
40%
GK England 13 Bettinelli
20%
CAM England 30 Chukwuemeka
20%
LB England 67 Hall
20%
LW England 20 Hudson-Odoi
20%
CM England 12 Loftus-Cheek
20%
RW England 31 Madueke
20%
ST Ivory Coast 27 Datro Fofana
0%
RB England 58 Gilchrist
0%
CB England 42 Humphreys
0%
CAM Jamaica/England 56 Hutchinson
0%
CAM England 39 Vale
0%
GK USA 80 Wady
0%
No matching quizzes found
Score Distribution
Percent of People with Each Score
Percentile by Number Answered
Your Score History
You have not taken this quiz